000 00409nam a2200169Ia 4500
005 20250423100538.0
008 250422s9999 xx 000 0 und d
020 _a9781403198877
050 _aPS 3515 .H83/
100 _aHubbard, Ron L.
245 0 _aPoet/Lyricist: the aesthetics of verse
260 _aCalifornia
260 _bBridge Publications
260 _c2012
300 _a259 p
942 _cBK
999 _c33635
_d33635